Manhood : a journey from childhood into the fierce order of virility = Manhood: un viaje desde la infancia en el orden del feroz virilidad /
Guardado en:
| Autor principal: | |
|---|---|
| Formato: | Desconocido |
| Lenguaje: | English |
| Publicado: |
San Francisco :
North Point Press,
1984.
|
| Materias: | |
| Etiquetas: |
Agregar Etiqueta
Sin Etiquetas, Sea el primero en etiquetar este registro!
|
MARC
| LEADER | 000000000a22000000004500 | ||
|---|---|---|---|
| 001 | 011509 | ||
| 020 | |a 0865471738 | ||
| 041 | 0 | |a eng | |
| 082 | 0 | 4 | |a 848.91 |b L532m |
| 100 | 1 | |a Leiris, Michel, |d 1901-1990. | |
| 245 | 1 | 0 | |a Manhood : |b a journey from childhood into the fierce order of virility = Manhood: un viaje desde la infancia en el orden del feroz virilidad / |c Michel Leiris. |
| 246 | 3 | 1 | |a Manhood: un viaje desde la infancia en el orden del feroz virilidad |
| 260 | 1 | |a San Francisco : |b North Point Press, |c 1984. | |
| 300 | |a 164 páginas | ||
| 500 | |a Colección George Yúdice | ||
| 650 | 4 | |a LERRIS, MICHEL, 1901-1990 | |
| 650 | 4 | |a POESIA FRANCESA | |
| 650 | 4 | |a SIGLO XX | |
| 650 | 4 | |a BIOGRAFIA | |
| 650 | 4 | |a FRANCIA | |
| 650 | 4 | |a ANTROPOLOGIA | |
| 999 | |c 17546 |d 17546 | ||
| 942 | |c BK |h 848.91 L532m |2 z | ||



